La flauta kikirikí : (Record no. 23563)

000 -CABECERA
fixed length control field 00787nam a22002177i 4500
003 - IDENTIFICADOR DEL NÚMERO DE CONTROL
control field AR-CdUCM
008 - DATOS DE LONGITUD FIJA--INFORMACIÓN GENERAL
fixed length control field 260331b20232023 pea|||| |||| 00| 0 spa d
020 ## - NÚMERO INTERNACIONAL ESTÁNDAR DEL LIBRO
ISBN 978-612-4195-67-9
040 ## - FUENTE DE LA CATALOGACIÓN
Agencia/entidad que catalogó originalmente la obra MUNICIPALIDAD PROVINCIAL DEL CUSCO
Entidad que transcribió la catalogación BIBLIOTECA MUNICIPAL DEL CUSCO
082 ## - NÚMERO DE LA CLASIFICACIÓN DECIMAL DEWEY
No. de la edición 6° Edición
No. de Clasificación EP / 861.6 /
Notacion interna C78
100 ## - ENTRADA PRINCIPAL--NOMBRE DE PERSONA
Nombre Personal Corcuera, Arturo
245 ## - MENCIÓN DE TÍTULO
Título La flauta kikirikí :
Resto del título Poemas y fábulas para niños /
260 ## - PUBLICACIÓN, DISTRIBUCIÓN, ETC.
Lugar de publicación, distribución, etc. Breña-Lima Perú:
Nombre de la editorial, distribuidor, etc. El Nocedal S.A.C.
Fecha de publicación, distribución, etc. 2023
300 ## - DESCRIPCIÓN FÍSICA
Nº de Páginas Extensión 68 páginas. :
Dimensiones 24x17 cm.
505 ## - NOTA DE CONTENIDO CON FORMATO
Nota de contenido formateada Dialogos entre un gallo joven y un gallo viejo -- Traspié de gato techero -- Historia del oso bueno
650 ## - PUNTO DE ACCESO ADICIONAL DE MATERIA--TÉRMINO DE MATERIA
Descriptor Fabulas para niños
9 (RLIN) 52413
856 ## - LOCALIZACIÓN Y ACCESO ELECTRÓNICOS
Host name www.elnocedaltienda.com
942 ## - ELEMENTOS DE PUNTO DE ACCESO ADICIONAL (KOHA)
Fuente de clasificación
Tipo de item Libros-BMC
945 ## - PROCESAMIENTO DE INFORMACIÓN LOCAL (OCLC)
Catalogador pbjr
AAAA-MM-DD - Fecha de ingreso o modificacion 31-03-2026
Holdings
Estado de retiro (separado) Fuente de clasificación o esquema de estanterías Estado dañado Ubicación Sala donde se ubica Nombre de la colección Fecha de adquisición o compra Fuente de adquisición Costo, precio normal en soles Signatura topográfica Código de Barras Última vez visto (Koha) Tipo de ítem (Koha)
No     Administrador-biblioteca Administrador-biblioteca Book Cart 2026-03-31     EP / 861.6 / C78 / e.2 SI00005189 2026-03-31 Libros-BMC
No     Sala de Infantes Sala de Infantes Book Cart 2026-03-31 Donación 10.00 EP / 861.6 / C78 SI00005188 2026-03-31 Libros-BMC

Powered by Koha